The Book of the Dead: en english translation of the chapters, hymns, etc., of the Theban Recension, with Introduction, notes, etc. By E. A. Wallis Budge, M.A., Litt.D., D.Lit. Keeper of the Egyptian and Assyrian Antiquities in the British Museum.
Shranjeno v:
| Glavni avtor: | |
|---|---|
| Format: | Knjiga |
| Jezik: | angleščina |
| Izdano: |
London, England, United Kingdom
Kegan Paul, Trench, Trübner & Co. Ltd.
1909
|
| Izdaja: | Segunda edición |
| Serija: | Books on Egypt and Chaldaea.
6, 7, 8 |
| Teme: | |
| Oznake: |
Označite
Brez oznak, prvi označite!
|
MARC
| LEADER | 00000nam a2200000 a 4500 | ||
|---|---|---|---|
| 001 | UCJ6584 | ||
| 003 | CL-VaPUC | ||
| 005 | 20240611105638.0 | ||
| 008 | 070124e19090000UK |||||||||||||||||eng|d | ||
| 999 | |c 322686 |d 322684 | ||
| 040 | |c Pontificia Universidad Católica de Valparaíso | ||
| 082 | 0 | 4 | |a 932 BUD 1909 |2 21 |
| 100 | |a Wallis Budge, Ernest Alfred |9 516815 | ||
| 245 | 1 | 4 | |a The Book of the Dead: en english translation of the chapters, hymns, etc., of the Theban Recension, with Introduction, notes, etc. By E. A. Wallis Budge, M.A., Litt.D., D.Lit. Keeper of the Egyptian and Assyrian Antiquities in the British Museum. |
| 250 | |a Segunda edición | ||
| 260 | 0 | 3 | |a London, England, United Kingdom |b Kegan Paul, Trench, Trübner & Co. Ltd. |c 1909 |
| 300 | |a 3 v | ||
| 490 | 0 | |a Books on Egypt and Chaldaea. |v 6, 7, 8 | |
| 500 | |a Ilustraciones y reproducciones en facsímil de papiros, conforme a lo señalado en índices | ||
| 505 | |a Vol. I.- Introduction and Chapters I to XV . Vol. II.- Chapters XV to CXXXV. Vol. III.- Chapters CXXXVI to CXC} | ||
| 583 | |a last modification |c 20130712 06:39:26 |k Rodrigo Vera | ||
| 650 | 0 | |a Arqueología |9 265619 | |
| 650 | 7 | |a EGIPTOLOGIA |2 CL-VaPUC |9 265780 | |
| 650 | 0 | |a Religión |9 255164 | |
| 650 | 7 | |a RITOS Y CEREMONIAL |2 CL-VaPUC |9 512928 | |
| 650 | 7 | |a CEREMONIAL FUNERARIO |2 CL-VaPUC |9 513471 | |
| 650 | 7 | |a PAPIROS |2 CL-VaPUC |9 318278 | |
| 650 | 7 | |a ORACIONES |2 CL-VaPUC |9 319212 | |
| 650 | 0 | |a Ilustraciones |9 369481 | |
| 651 | 0 | |a Egipto |9 268199 | |
| 942 | |c BK |2 ddc | ||
| 945 | |d 20070124 00:00:00 |a rinostro | ||
| 952 | |0 0 |1 0 |4 0 |6 932_000000000000000_BUD_1909 |7 0 |8 X |9 401737 |a FDOBUD |b FDOBUD |d 2019-11-22 |h v.1 |i 1049968 |o 932 BUD 1909 |p 1049968 |r 2019-11-22 |t 1 |w 2019-11-22 |y BK_X |k BUD | ||
| 952 | |0 0 |1 0 |4 0 |6 932_000000000000000_BUD_1909 |7 0 |8 X |9 401738 |a FDOBUD |b FDOBUD |d 2019-11-22 |h v.2 |i 1049976 |o 932 BUD 1909 |p 1049976 |r 2019-11-22 |t 1 |w 2019-11-22 |y BK_X |k BUD | ||
| 952 | |0 0 |1 0 |4 0 |6 932_000000000000000_BUD_1909 |7 0 |8 X |9 401739 |a FDOBUD |b FDOBUD |d 2019-11-22 |h v.3 |i 1049984 |o 932 BUD 1909 |p 1049984 |r 2019-11-22 |t 1 |w 2019-11-22 |y BK_X |k BUD | ||